000
00290nam a2200121Ia 4500
008
190216s9999||||xx |||||||||||||| ||und||
100
_a
Dr.Tulsian P C
245
0
_a
Financial Management For Ca-Pcc/Ipcc
260
_b
S Chand & Co
_c
2010
300
_a
1350
650
_a
Commerce
942
_c
BK
999
_c
7506
_d
7506